<?xml version="1.0" encoding="UTF-8"?>
<record
    xmlns:xsi="http://www.w3.org/2001/XMLSchema-instance"
    xsi:schemaLocation="http://www.loc.gov/MARC21/slim http://www.loc.gov/standards/marcxml/schema/MARC21slim.xsd"
    xmlns="http://www.loc.gov/MARC21/slim">

  <leader>02038nam1a2200385 i 4500</leader>
  <controlfield tag="001">RU\NLR\BIBL_A\011754310</controlfield>
  <controlfield tag="005">20260408071759.0</controlfield>
  <datafield tag="010" ind1=" " ind2=" ">
    <subfield code="a">9785970444597</subfield>
    <subfield code="b">&#x436;&#x430;&#x43B;&#x43F;&#x44B;</subfield>
    <subfield code="9">1000</subfield>
  </datafield>
  <datafield tag="035" ind1=" " ind2=" ">
    <subfield code="a">(NLR Aleph) 011754310</subfield>
  </datafield>
  <datafield tag="090" ind1=" " ind2=" ">
    <subfield code="a">11644112</subfield>
    <subfield code="c">11644112</subfield>
  </datafield>
  <datafield tag="100" ind1=" " ind2=" ">
    <subfield code="a">20180718d2018    um y0rusy50      ca</subfield>
  </datafield>
  <datafield tag="101" ind1="1" ind2=" ">
    <subfield code="a">kaz</subfield>
    <subfield code="c">rus</subfield>
  </datafield>
  <datafield tag="102" ind1=" " ind2=" ">
    <subfield code="a">RU</subfield>
  </datafield>
  <datafield tag="105" ind1=" " ind2=" ">
    <subfield code="a">||||j||||||||</subfield>
  </datafield>
  <datafield tag="200" ind1="1" ind2=" ">
    <subfield code="a">&#x425;&#x438;&#x440;&#x443;&#x440;&#x433;&#x438;&#x44F;&#x43B;&#x44B;&#x49B; &#x430;&#x443;&#x440;&#x443;&#x43B;&#x430;&#x440;</subfield>
    <subfield code="d">&#x425;&#x438;&#x440;&#x443;&#x440;&#x433;&#x438;&#x447;&#x435;&#x441;&#x43A;&#x438;&#x435; &#x431;&#x43E;&#x43B;&#x435;&#x437;&#x43D;&#x438;</subfield>
    <subfield code="e">&#x43E;&#x49B;&#x443;&#x43B;&#x44B;&#x49B;</subfield>
    <subfield code="e">&#x435;&#x43A;i &#x442;&#x43E;&#x43C;&#x434;&#x44B;&#x49B;</subfield>
    <subfield code="f">[&#x430;&#x43A;&#x430;&#x434;. &#x41C;.&#x418;. &#x41A;&#x443;&#x437;&#x438;&#x43D;, &#x43F;&#x440;&#x43E;&#x444;. &#x41D;.&#x41C;. &#x41A;&#x443;&#x437;&#x438;&#x43D;, &#x43F;&#x440;&#x43E;&#x444;. &#x41F;.&#x421;. &#x412;&#x435;&#x442;&#x448;&#x435;&#x432; &#x438; &#x434;&#x440;.]</subfield>
    <subfield code="g">&#x440;&#x435;&#x434;&#x430;&#x43A;&#x446;&#x438;&#x44F;&#x441;&#x44B;&#x43D; &#x431;&#x430;&#x441;&#x49B;&#x430;&#x440;&#x493;&#x430;&#x43D; &#x41C;.&#x418;. &#x41A;&#x443;&#x437;&#x438;&#x43D;</subfield>
    <subfield code="g">&#x49B;&#x430;&#x437;&#x430;&#x49B; &#x442;i&#x43B;i&#x43D;&#x435; &#x430;&#x443;&#x434;&#x430;&#x440;&#x44B;&#x43B;&#x493;&#x430;&#x43D; &#x43E;&#x49B;&#x443;&#x43B;&#x44B;&#x49B;&#x442;&#x44B;&#x4A3; &#x436;&#x430;&#x43B;&#x43F;&#x44B; &#x440;&#x435;&#x434;&#x430;&#x43A;&#x446;&#x438;&#x44F;&#x441;&#x44B;&#x43D; &#x431;&#x430;&#x441;&#x49B;&#x430;&#x440;&#x493;&#x430;&#x43D; &#x410;. &#x41D;. &#x411;&#x430;&#x439;&#x43C;&#x430;&#x445;&#x430;&#x43D;&#x43E;&#x432;</subfield>
    <subfield code="g">&#x41C;&#x438;&#x43D;&#x438;&#x441;&#x442;&#x435;&#x440;&#x441;&#x442;&#x432;&#x43E; &#x43E;&#x431;&#x440;&#x430;&#x437;&#x43E;&#x432;&#x430;&#x43D;&#x438;&#x44F; &#x438; &#x43D;&#x430;&#x443;&#x43A;&#x438; &#x420;&#x424;</subfield>
    <subfield code="z">rus</subfield>
  </datafield>
  <datafield tag="205" ind1=" " ind2=" ">
    <subfield code="a">4-&#x435; &#x438;&#x437;&#x434;., &#x43F;&#x435;&#x440;&#x435;&#x440;&#x430;&#x431;. &#x438; &#x434;&#x43E;&#x43F;.</subfield>
  </datafield>
  <datafield tag="210" ind1=" " ind2=" ">
    <subfield code="a">&#x41C;&#x4D9;&#x441;&#x43A;&#x4D9;&#x443;</subfield>
    <subfield code="c">&#x413;&#x42D;&#x41E;&#x422;&#x410;&#x420;-&#x41C;&#x435;&#x434;&#x438;&#x430;</subfield>
    <subfield code="d">2018</subfield>
  </datafield>
  <datafield tag="215" ind1=" " ind2=" ">
    <subfield code="d">25</subfield>
  </datafield>
  <datafield tag="300" ind1=" " ind2=" ">
    <subfield code="a">&#x410;&#x432;&#x442;. &#x443;&#x43A;&#x430;&#x437;&#x430;&#x43D;&#x44B; &#x43D;&#x430; &#x43E;&#x431;&#x43E;&#x440;&#x43E;&#x442;&#x435; &#x442;&#x438;&#x442;. &#x43B;.</subfield>
  </datafield>
  <datafield tag="300" ind1=" " ind2=" ">
    <subfield code="a">&#x422;&#x435;&#x43A;&#x441;&#x442; &#x43D;&#x430; &#x43A;&#x430;&#x437;. &#x44F;&#x437;.</subfield>
  </datafield>
  <datafield tag="510" ind1="1" ind2=" ">
    <subfield code="a">&#x425;&#x438;&#x440;&#x443;&#x440;&#x433;&#x438;&#x447;&#x435;&#x441;&#x43A;&#x438;&#x435; &#x431;&#x43E;&#x43B;&#x435;&#x437;&#x43D;&#x438;</subfield>
    <subfield code="z">rus</subfield>
  </datafield>
  <datafield tag="606" ind1=" " ind2=" ">
    <subfield code="a">&#x425;&#x438;&#x440;&#x443;&#x440;&#x433;&#x438;&#x447;&#x435;&#x441;&#x43A;&#x438;&#x435; &#x431;&#x43E;&#x43B;&#x435;&#x437;&#x43D;&#x438;</subfield>
    <subfield code="j">&#x423;&#x447;&#x435;&#x431;&#x43D;&#x438;&#x43A;&#x438; &#x434;&#x43B;&#x44F; &#x432;&#x44B;&#x441;&#x448;&#x438;&#x445; &#x443;&#x447;&#x435;&#x431;&#x43D;&#x44B;&#x445; &#x437;&#x430;&#x432;&#x435;&#x434;&#x435;&#x43D;&#x438;&#x439;</subfield>
    <subfield code="9">985984</subfield>
    <subfield code="3">RU\NLR\AUTH\6653611</subfield>
  </datafield>
  <datafield tag="686" ind1=" " ind2=" ">
    <subfield code="a">&#x420;45&#x44F;73-1</subfield>
    <subfield code="2">rubbk</subfield>
  </datafield>
  <datafield tag="686" ind1="1" ind2=" ">
    <subfield code="a">&#x420;45&#x44F;73-1</subfield>
  </datafield>
  <datafield tag="701" ind1=" " ind2="1">
    <subfield code="a">&#x41A;&#x443;&#x437;&#x438;&#x43D;</subfield>
    <subfield code="b">&#x41C;. &#x418;.</subfield>
    <subfield code="f">1916-2009</subfield>
    <subfield code="g">&#x41C;&#x438;&#x445;&#x430;&#x438;&#x43B; &#x418;&#x43B;&#x44C;&#x438;&#x447;</subfield>
  </datafield>
  <datafield tag="701" ind1=" " ind2="1">
    <subfield code="a">&#x41A;&#x443;&#x437;&#x438;&#x43D;</subfield>
    <subfield code="b">&#x41D;.&#x41C;.</subfield>
    <subfield code="f">1951-</subfield>
    <subfield code="g">&#x41D;&#x438;&#x43A;&#x43E;&#x43B;&#x430;&#x439; &#x41C;&#x438;&#x445;&#x430;&#x439;&#x43B;&#x43E;&#x432;&#x438;&#x447;</subfield>
  </datafield>
  <datafield tag="701" ind1=" " ind2="1">
    <subfield code="a">&#x412;&#x435;&#x442;&#x448;&#x435;&#x432;</subfield>
    <subfield code="b">&#x41F;. &#x421;.</subfield>
    <subfield code="g">&#x41F;&#x435;&#x442;&#x440; &#x421;&#x435;&#x440;&#x433;&#x435;&#x435;&#x432;&#x438;&#x447;</subfield>
  </datafield>
  <datafield tag="702" ind1=" " ind2="1">
    <subfield code="a">&#x411;&#x430;&#x439;&#x43C;&#x430;&#x445;&#x430;&#x43D;&#x43E;&#x432;</subfield>
    <subfield code="b">&#x410;. &#x41D;.</subfield>
    <subfield code="g">&#x410;&#x431;&#x44B;&#x43B;&#x430;&#x439; &#x41D;&#x438;&#x44F;&#x442;&#x43E;&#x432;&#x438;&#x447;</subfield>
    <subfield code="4">730</subfield>
  </datafield>
  <datafield tag="712" ind1="0" ind2="1">
    <subfield code="4">570</subfield>
    <subfield code="a">&#x420;&#x43E;&#x441;&#x441;&#x438;&#x439;&#x441;&#x43A;&#x430;&#x44F; &#x424;&#x435;&#x434;&#x435;&#x440;&#x430;&#x446;&#x438;&#x44F;</subfield>
    <subfield code="b">&#x41C;&#x438;&#x43D;&#x438;&#x441;&#x442;&#x435;&#x440;&#x441;&#x442;&#x432;&#x43E; &#x43E;&#x431;&#x440;&#x430;&#x437;&#x43E;&#x432;&#x430;&#x43D;&#x438;&#x44F; &#x438; &#x43D;&#x430;&#x443;&#x43A;&#x438;</subfield>
    <subfield code="3">RU\NLR\AUTH\8810055913</subfield>
    <subfield code="9">612498</subfield>
  </datafield>
  <datafield tag="852" ind1=" " ind2=" ">
    <subfield code="a">NLR</subfield>
    <subfield code="j">&#x41E;&#x41D;&#x41B;</subfield>
  </datafield>
  <datafield tag="942" ind1=" " ind2=" ">
    <subfield code="c">BOOK</subfield>
  </datafield>
</record>
